000
00324nam a2200133Ia 4500
008
240624s9999 xx 000 0 und d
041
_a
eng
082
_a
823 CHR
100
_a
CHRISTIE AGATHA
245
_a
MURDER IS EASY
260
_c
2002
_a
London
_b
Harper Collins Publishers
300
_a
320 : p. : cm. ; 17
365
_c
RS
999
_c
3829
_d
3829